<?xml version="1.0" encoding="utf-8"?>
<?xml-stylesheet type='text/xsl' href='./oai2.xsl'?>
<OAI-PMH xmlns="http://www.openarchives.org/OAI/2.0/" xmlns:xsi="http://www.w3.org/2001/XMLSchema-instance" xsi:schemaLocation="http://www.openarchives.org/OAI/2.0/ http://www.openarchives.org/OAI/2.0/OAI-PMH.xsd">
  <responseDate>2026-04-29T17:15:41Z</responseDate>
  <request verb="GetRecord" metadataPrefix="marcxml" identifier="isil_DE-MUS-026819_2052">https://kulturerbe.niedersachsen.de/oai</request>
  <GetRecord>
    <record>
      <header>
        <identifier>isil_DE-MUS-026819_2052</identifier>
        <datestamp>2025-07-14T10:11:30Z</datestamp>
        <setSpec>slg0247</setSpec>
      </header>
      <metadata>
        <marc:record xmlns:marc="http://www.loc.gov/MARC21/slim" xsi:schemaLocation="http://www.loc.gov/MARC21/slim http://www.loc.gov/standards/marcxml/schema/MARC21slim.xsd">
          <marc:leader>12345nrm  22     uu 4500</marc:leader>
          <marc:controlfield tag="001">2052</marc:controlfield>
          <marc:controlfield tag="003">HAUM</marc:controlfield>
          <marc:controlfield tag="005">2024-11-18T13:08:00</marc:controlfield>
          <marc:controlfield tag="008">|           ||||||||||||||||||||||</marc:controlfield>
          <marc:datafield tag="245" ind1="1" ind2="0">
            <marc:subfield code="a">Isis lactans</marc:subfield>
          </marc:datafield>
          <marc:datafield tag="655" ind1=" " ind2="7">
            <marc:subfield code="a">Archäologie</marc:subfield>
          </marc:datafield>
          <marc:datafield tag="046" ind1=" " ind2=" ">
            <marc:subfield code="k">-665</marc:subfield>
            <marc:subfield code="k">Ägypten, Spätzeit bis Römische Zeit</marc:subfield>
            <marc:subfield code="l">-363</marc:subfield>
          </marc:datafield>
          <marc:datafield tag="260" ind1=" " ind2=" ">
            <marc:subfield code="g">-665</marc:subfield>
            <marc:subfield code="g">-363</marc:subfield>
            <marc:subfield code="g">Ägypten, Spätzeit bis Römische Zeit</marc:subfield>
          </marc:datafield>
          <marc:datafield tag="300" ind1=" " ind2=" ">
            <marc:subfield code="a">Maße: 2,1 x 0,6 x 1,3 cm</marc:subfield>
          </marc:datafield>
          <marc:datafield tag="520" ind1=" " ind2=" ">
            <marc:subfield code="a">Beschreibung: 
Dieses kleine Amulett zeigt die thronende Isis, die ihren Sohn Horus auf dem Schoß hält und säugt. Ihre Hathorkrone, bestehend aus einem Kuhgehörn mit dazwischen befindlicher Sonnenscheibe, wird zu einer Lotosblüte ergänzt, indem die freien Flächen zwischen Sonnenscheibe und Hörnern mit dreieckigen Ritzungen als Andeutung der Blütenblätter gefüllt sind. Die Lotosblüte, die sich nachts schließt und unter Wasser verschwindet, um sich am nächsten Morgen wieder zu öffnen, ist ein Symbol der Sonne und der Wiedergeburt. Durch die obere Hälfte des Throns läuft ein Loch, an dem das Amulett aufgefädelt werden konnte.

Katalog-Nummer: 
250

Literatur: 
Iris Tinius, Altägypten in Braunschweig, 2011, Hg.: Regine Marth (Sammlungskataloge des Herzog Anton Ulrich-Museums Braunschweig; 16)</marc:subfield>
          </marc:datafield>
          <marc:datafield tag="650" ind1="1" ind2=" ">
            <marc:subfield code="a">Spätzeit bis Römische Zeit</marc:subfield>
          </marc:datafield>
          <marc:datafield tag="650" ind1="1" ind2=" ">
            <marc:subfield code="a">Altägypten</marc:subfield>
          </marc:datafield>
          <marc:datafield tag="650" ind1="1" ind2=" ">
            <marc:subfield code="a">Außereuropäische Kunst</marc:subfield>
          </marc:datafield>
          <marc:datafield tag="650" ind1="1" ind2=" ">
            <marc:subfield code="a">Antike</marc:subfield>
          </marc:datafield>
          <marc:datafield tag="650" ind1="1" ind2=" ">
            <marc:subfield code="a">Statuette</marc:subfield>
          </marc:datafield>
          <marc:datafield tag="650" ind1="1" ind2=" ">
            <marc:subfield code="a">Amulett</marc:subfield>
          </marc:datafield>
          <marc:datafield tag="773" ind1="0" ind2=" ">
            <marc:subfield code="t">Altägypten in Braunschweig</marc:subfield>
          </marc:datafield>
          <marc:datafield tag="852" ind1=" " ind2=" ">
            <marc:subfield code="a">Herzog Anton Ulrich-Museum, Braunschweig</marc:subfield>
          </marc:datafield>
          <marc:datafield tag="" ind1=" " ind2=" ">
            <marc:subfield code="a">Namensnennung - Nicht-kommerziell - Weitergabe unter gleichen Bedingungen 4.0 International (CC BY-NC-SA 4.0)</marc:subfield>
          </marc:datafield>
        </marc:record>
      </metadata>
    </record>
  </GetRecord>
</OAI-PMH>
